| 000 | 00640nam a2200229Ia 4500 | ||
|---|---|---|---|
| 003 | OSt | ||
| 005 | 20220923224255.0 | ||
| 006 | a|||||r|||| 00| 0 | ||
| 007 | ta | ||
| 008 | 220922b |||||||| |||| 00| 0 hin d | ||
| 024 | _a230,194 | ||
| 037 | _cTextual | ||
| 040 |
_aARTS _cARTS _bhin |
||
| 041 |
_2hin _ahin |
||
| 082 | _aR65,6, 152P5.1.-2 | ||
| 100 | _aराहुल | ||
| 245 | 0 |
_aश्रीमद्भगवद्गीता _b मूलकथा |
|
| 246 | _aShrīmadbhagavadgītā: mūlakathā | ||
| 260 | _c2005 | ||
| 942 |
_hR65,6, 152P5.1.-2 _cTEXL _2CC |
||
| 999 |
_c370303 _d370303 |
||